Online
Catalog

Taken for a ride : (Record no. 39107)

MARC details
000 -CABECERA
campo de control de longitud fija 00713nam a2200193 a 4500
001 - NÚMERO DE CONTROL
campo de control 000039617
005 - FECHA Y HORA DE LA ÚLTIMA TRANSACCIÓN
campo de control 20201002033639.0
008 - DATOS DE LONGITUD FIJA--INFORMACIÓN GENERAL
campo de control de longitud fija 130711s2005 ch 000 0 spa d
020 ## - NÚMERO INTERNACIONAL ESTÁNDAR DEL LIBRO
Número Internacional Estándar del Libro 9562844773
040 ## - FUENTE DE LA CATALOGACIÓN
Centro catalogador/agencia de origen DO-SdBNP
Lengua de catalogación spa
Centro/agencia transcriptor BNPHU
100 1# - ENTRADA PRINCIPAL--NOMBRE DE PERSONA
Nombre de persona Oyarzún, Luis
9 (RLIN) 65789
245 10 - MENCIÓN DE TÍTULO
Título Taken for a ride :
Resto del título escritura de paso /
Mención de responsabilidad, etc. Luis Oyarzún ; compilación y prólogo Thomas Harris E., Daniela Schutte G., Pedro Pablo Zegers B.
260 ## - PUBLICACIÓN, DISTRIBUCIÓN, ETC.
Lugar de publicación, distribución, etc. Santiago, Chile :
Nombre del editor, distribuidor, etc. Ril Editores,
Fecha de publicación, distribución, etc. 2005.
300 ## - DESCRIPCIÓN FÍSICA
Extensión 454 p. ;
Dimensiones 25 cm.
500 ## - NOTA GENERAL
Nota general Incluye notas al pie de las páginas
700 1# - PUNTO DE ACCESO ADICIONAL--NOMBRE DE PERSONA
Nombre de persona Harris E., Thomas,
Término indicativo de función/relación comp.
9 (RLIN) 46014
700 1# - PUNTO DE ACCESO ADICIONAL--NOMBRE DE PERSONA
Nombre de persona Schutte G., Daniela,
Término indicativo de función/relación comp.
9 (RLIN) 46015
700 1# - PUNTO DE ACCESO ADICIONAL--NOMBRE DE PERSONA
Nombre de persona Zegers B., Pedro Pablo
Término indicativo de función/relación comp.
9 (RLIN) 46013
Holdings
Estado de retiro Estado de pérdida Restricciones de uso No para préstamo Código de colección Localización permanente Ubicación/localización actual Ubicación en estantería Fecha de adquisición Número de inventario Total de préstamos Signatura topográfica completa Código de barras Fecha visto por última vez Precio válido a partir de Tipo de ítem Koha
        Monografías: Libros y Folletos General General En catalogación 11.07.2013 LF1   39617-10 25.06.2020 25.06.2020 Préstamo en sala

Powered by Koha